Priestor slobody, bezpečnosti a spravodlivosti pre občanov návrh Komisie pre roky 2010-2014 - Štokholmský program

Gespeichert in:
Bibliographische Detailangaben
Format: Buch
Sprache:Slowakisch
Veröffentlicht: Brussel Európska komisia / Generálne riaditeľstvo pre spravodlivosť, slobodu a bezpečnosť 2010
Schlagworte:
Tags: Tag hinzufügen
Keine Tags, Fügen Sie das erste Tag hinzu!

MARC

LEADER 00000nam a2200000 4500
001 0128271
005 20221108071357.4
041 0 |a slo 
044 |a BE 
245 1 0 |a Priestor slobody, bezpečnosti a spravodlivosti pre občanov  |b návrh Komisie pre roky 2010-2014 - Štokholmský program 
264 1 |a Brussel  |b Európska komisia / Generálne riaditeľstvo pre spravodlivosť, slobodu a bezpečnosť  |c 2010 
300 |a 42 s. 
610 2 0 |a integrácia ekonomická medzinárodná 
610 2 0 |a občania 
610 2 0 |a práva ľudské 
610 2 0 |a sloboda 
610 2 0 |a ochrana civilná 
610 2 0 |a právo trestné 
610 2 0 |a migrácia 
610 2 0 |a terorizmus 
610 2 0 |a krajiny rozvojové 
610 2 0 |a solidarita 
610 2 0 |a spolupráca medzinárodná 
610 2 0 |a spolupráca kultúrna 
610 2 0 |a Európska únia